| 000 | 00870nam a2200265 a 4500 | ||
|---|---|---|---|
| 001 | BRL_547 | ||
| 005 | 20190320210809.0 | ||
| 008 | 020913s1943----nyua######---#000-0#eng-# | ||
| 041 | _aeng | ||
| 044 | _anya | ||
| 050 | 4 |
_aF1219 _b.S65 1943 |
|
| 100 | 1 |
_aSpinden, Herbert Joseph _d1879-1967 _924261 |
|
| 245 | 1 | 0 |
_aAncient civilizations of Mexico and Central America _cHerbert J. Spinden. |
| 260 |
_aNueva York _bAmerican Museum of Natural History _c1943 |
||
| 300 |
_a27 p. _bil., mapas _c221 cm. |
||
| 440 | 0 |
_aHandboook series. _nno. 3 _924262 |
|
| 500 | _aAu605 | ||
| 500 | _aBibliografía: p. 255-258. | ||
| 650 | 1 | 4 |
_aIndígenas de México _xAntigüedades _9509 |
| 650 | 1 | 4 |
_aIndígenas de América Central _xAntigüedades _923850 |
| 651 | 4 |
_aMéxico _xAntigüedades _92765 |
|
| 651 | 4 |
_aAmérica Central _xAntigüedades _923855 |
|
| 902 | _aGRL | ||
| 942 |
_2lcc _cB |
||
| 999 |
_c9359 _d9359 |
||